000 00965nam a2200277 i 4500
001 bgj
100 1 _aCOOPER, James Fenimore
_d(1789-1851)
245 1 0 _aThe Leatherstocking Tales.
_nVol. 2 /
_cJames Fenimore Cooper ; [ed. by] Blake Neville
260 _aNew York :
_bLiterary Classics of the United States,
_cc. 1985.
300 _a1051 pp ;
_c21 cm.
490 1 _aThe Library of America ;
_v27
505 _aContents : The Pathfinder : or, the Inland Sea ; The Deerslayer : or, the First War-Path.
650 9 _aAmerican fiction
_y19th century
651 9 _aUnited States
_xHistory
_yColonial period, ca. 1600-1775
655 _aFiction
700 1 _aNEVIUS, Blake.
_eed.
740 0 2 _aThe Pathfinder
740 0 2 _aThe Deerslayer
830 _aThe Library of America ;
020 _a0940450216 (hbk, jacket)
040 _cBPK
041 0 _aeng
920 _a0-940450-21-6 (hbk, jacket)
942 _cKS
008 s uk f |000 0 eng
999 _c47215
_d47215
856 _uhttp://koha.tu.koszalin.pl/cgi-bin/koha/opac-detail.pl?biblionumber=47215
_yKatalog online BPK